Statistics for Language Names in the Language

Click here to take the quiz!

General Stats

  • This quiz has been taken 40,135 times
  • The average score is 14 of 21

Answer Stats

Foreign English % Correct
EspañolSpanish
100%
RusskiyRussian
98%
PolskiPolish
97%
DeutschGerman
96%
NederlandsDutch
94%
ItalianoItalian
93%
Al-ʻarabīyahArabic
88%
Tiếng ViệtVietnamese
84%
DanskDanish
80%
SvenskaSwedish
79%
NorskNorwegian
76%
GaeilgeIrish
68%
KiswahiliSwahili
58%
SuomiFinnish
54%
MagyarHungarian
47%
NihongoJapanese
47%
CymraegWelsh
39%
HrvatskiCroatian
39%
HànyǔChinese
36%
EllinikáGreek
33%
HangugeoKorean
27%

Score Distribution

Percentile by Number Answered

Percent of People with Each Score

Your Score History

You have not taken this quiz